Research methods for business students (Record no. 102457)

MARC details
000 -LEADER
fixed length control field 01214cam a2200265 4500
008 - FIXED-LENGTH DATA ELEMENTS--GENERAL INFORMATION
fixed length control field 021007n2002 000 0 eng u
020 ## - INTERNATIONAL STANDARD BOOK NUMBER
International Standard Book Number 0273658042
035 ## - SYSTEM CONTROL NUMBER
System control number (Sirsi) u120007
050 ## - LIBRARY OF CONGRESS CALL NUMBER
Classification number 650.071
-- 21
100 ## - MAIN ENTRY--PERSONAL NAME
Personal name Saunders, M.
245 ## - TITLE STATEMENT
Title Research methods for business students
250 ## - EDITION STATEMENT
Edition statement 3rd ed.
260 ## - PUBLICATION, DISTRIBUTION, ETC.
Place of publication, distribution, etc. Harlow
Name of publisher, distributor, etc. FT Prenticce Hall
Date of publication, distribution, etc. 2002
300 ## - PHYSICAL DESCRIPTION
Extent xviii,504p.
Dimensions 25cm.
350 ## - PRICE (NR) (BK AM CF MU VM SE) [OBSOLETE]
Price 29.99
520 ## - SUMMARY, ETC.
Summary, etc. A revised and updated third edition of this text aiming to provide to the reader with the skills required for business research. Arranged in 13 sections the book deals with the formulating the research topic, literature reviews, deciding on the research approach, research ethics, selecting samples, using secondary data, the collection of primary data by various methods, analysing quantitative and qualitative data, and preparing and presenting the report. Self-check questions are provided with each chapter.
650 ## - SUBJECT ADDED ENTRY--TOPICAL TERM
Topical term or geographic name entry element DATA ANALYSIS
650 ## - SUBJECT ADDED ENTRY--TOPICAL TERM
Topical term or geographic name entry element DATA COLLECTION
650 ## - SUBJECT ADDED ENTRY--TOPICAL TERM
Topical term or geographic name entry element RESEARCH METHODOLOGY
650 ## - SUBJECT ADDED ENTRY--TOPICAL TERM
Topical term or geographic name entry element RESEARCH METHODS
690 ## - LOCAL SUBJECT ADDED ENTRY--TOPICAL TERM (OCLC, RLIN)
Topical term or geographic name as entry element MANAGEMENT-BUSINESS MANAGEMENT-INFORMATION MANAGEMENT
700 ## - ADDED ENTRY--PERSONAL NAME
Personal name Lewis, P.
700 ## - ADDED ENTRY--PERSONAL NAME
Personal name Thornhill, A.
942 ## - ADDED ENTRY ELEMENTS (KOHA)
Suppress in OPAC 0
Holdings
Withdrawn status Lost status Source of classification or shelving scheme Damaged status Not for loan Home library Current library Shelving location Date acquired Cost, normal purchase price Total Checkouts Full call number Barcode Date last seen Date last checked out Copy number Cost, replacement price Price effective from Koha item type
    Dewey Decimal Classification     London London Books 20/11/2002 25.49 34 650.071 SAU 30068025 06/08/2019 12/01/2009 1 25.49 06/08/2019 Book